00473nam a2200157 a 4500008004100000100001800041245007600059260004500135300003500180500002000215650002600235653002700261003000100288005001700289040000900306 1 aBrosan, G. S.10aAdvanced electrical power and machines /cG. S. Brosan and J. T. Hayden aLondon:cSir Isaac Pitman & Sons,c1966. axvii, 915 p. :bill. ;c22 cm. aIncludes index. 0aElectric engineering. aElectrical engineering20230123134010.0 cNUST